000 01568cam a22003498i 4500
001 18522990
003 NUST - PNEC
005 20170116181203.0
008 150311s2015 mdu b 001 0 eng
010 _a 2014047749
020 _a9781475817706 (cloth : alk. paper)
020 _a9781475817713 (pbk.)
020 _z9781475817720 (electronic)
040 _aDLC
_beng
_cLIBRARY
_erda
042 _apcc
043 _an-us---
050 0 0 _aLB3060.83
_b.L44 2015
082 0 0 _a379.1580973 LEE
_223
100 1 _aLee, Eldon,
_d1942-
245 1 0 _aBrainstorming common core : challenging the way we think about education /
_cEldon "Cap" Lee.
260 _aNew York:
_bBrowman & Littlefield;
_cc2015.
300 _axiii, 199 pages ;
_c24 cm
504 _aIncludes bibliographical references and index.
505 0 _aCommon core : changing it forward -- Reconstructing the educational design -- Foraging the pathway to success -- Higher level achievement : teaching the whole child -- De-coupling the testing debacle -- A time for action!
650 0 _aCommon Core State Standards (Education)
650 0 _aEducation
_xStandards
_zUnited States.
650 0 _aAcademic achievement
_zUnited States.
_xGeneral
856 _uhttp://www.amazon.com/Brainstorming-Common-Core-Challenging-Education/dp/1475817711/ref=sr_1_1?s=books&ie=UTF8&qid=1455786344&sr=1-1&keywords=9781475817713
906 _a0
_bvip
_corignew
_d1
_eecip
_f20
_gy-gencatlg
942 _2ddc
_cBK
999 _c71528
_d71528